000 00488nam a2200193Ia 4500
001 3603
003 IN-NITTTR
005 20251114232949.0
008 251113s9999||||xx |||||||||||||| ||eng||
040 _beng
040 _cIN-NITTTR
041 _aeng
082 _a152.4 B 53 F
100 _aBirney, Robert C.
245 0 _aFear of failure /
_cBirney, Robert C., Burdick, Harvey, Teevan Richard C.
700 _a Burdick, Harvey
700 _a Teevan Richard C.,
942 _2ddc
_cBK
999 _c5931
_d5931